| 000 | 01108nam a22003137a 4500 | ||
|---|---|---|---|
| 003 | DO-SdBNP | ||
| 005 | 20230824115315.0 | ||
| 007 | ta | ||
| 008 | 221114b2019 dr ||||| |||| 00| 0 spa d | ||
| 020 | _a9789945580792 | ||
| 040 |
_aDO-SdBNP _bspa _cBNPHU |
||
| 082 | 4 |
_a512.02 _222 |
|
| 245 | 0 | 0 |
_aÁlgebra abstracta / _cLuis A. Núñez ... [et al.] ; editor, Lennys Tejada Betancourt |
| 260 |
_aSantiago de los Caballeros : _bUAPA, _c2019 |
||
| 300 |
_a342 p. ; _c27 cm. |
||
| 490 | 0 |
_aAutoaprendizaje _v12 |
|
| 500 | _aIncluye datos biográficos de los autores en la contracubierta | ||
| 504 | _aBibliografía : p. 341-342 | ||
| 590 | _aInventariado, 2022/BT | ||
| 650 | 4 |
_aÁlgebra abstracta _984009 |
|
| 700 | 1 |
_aNúñez, Luis A. _982808 |
|
| 700 | 1 |
_aBoada, Eunice _982809 |
|
| 700 | 1 |
_aVargas, Elizabeth _982679 |
|
| 700 | 1 |
_aGutiérrez, Yoel _982819 |
|
| 700 | 1 |
_aTejada Betancourt, Lennys, _eed. _979591 |
|
| 710 | 2 |
_a Universidad Abierta para Adultos (Santiago de los Caballeros, República Dominicana) _981179 |
|
| 910 | _aBtavárez/Validado. Control de calidad MFF | ||
| 942 |
_2ddc _cLBS1 |
||
| 999 |
_c52915 _d52915 |
||